MARC details
| 000 -LEADER |
| fixed length control field |
08961nam a22008775i 4500 |
| 005 - DATE AND TIME OF LATEST TRANSACTION |
| control field |
20230718140419.0 |
| 006 - FIXED-LENGTH DATA ELEMENTS--ADDITIONAL MATERIAL CHARACTERISTICS |
| fixed length control field |
m|||||o||d|||||||| |
| 007 - PHYSICAL DESCRIPTION FIXED FIELD--GENERAL INFORMATION |
| fixed length control field |
cr || |||||||| |
| 008 - FIXED-LENGTH DATA ELEMENTS--GENERAL INFORMATION |
| fixed length control field |
221201t20222022gw fo d z eng d |
| 010 ## - LIBRARY OF CONGRESS CONTROL NUMBER |
| LC control number |
2021952437 |
| 020 ## - INTERNATIONAL STANDARD BOOK NUMBER |
| International Standard Book Number |
9783110752908 |
| 040 ## - CATALOGING SOURCE |
| Original cataloging agency |
DE-B1597 |
| Language of cataloging |
eng |
| Transcribing agency |
DE-B1597 |
| Description conventions |
rda |
| 041 0# - LANGUAGE CODE |
| Language code of text/sound track or separate title |
eng |
| 245 00 - TITLE STATEMENT |
| Title |
Karl Barth's Epistle to the Romans : |
| Remainder of title |
Retrospect and Prospect / |
| Statement of responsibility, etc. |
ed. by Christophe Chalamet, Andreas Dettwiler, Sarah Stewart-Kroeker. |
| 264 #1 - PRODUCTION, PUBLICATION, DISTRIBUTION, MANUFACTURE, AND COPYRIGHT NOTICE |
| Place of production, publication, distribution, manufacture |
Berlin ; |
| -- |
Boston : |
| Name of producer, publisher, distributor, manufacturer |
De Gruyter, |
| Date of production, publication, distribution, manufacture, or copyright notice |
[2022] |
| 264 #4 - PRODUCTION, PUBLICATION, DISTRIBUTION, MANUFACTURE, AND COPYRIGHT NOTICE |
| Date of production, publication, distribution, manufacture, or copyright notice |
©2022 |
| 300 ## - PHYSICAL DESCRIPTION |
| Extent |
1 online resource (VIII, 495 p.) |
| 336 ## - CONTENT TYPE |
| Content type term |
text |
| Content type code |
txt |
| Source |
rdacontent |
| 337 ## - MEDIA TYPE |
| Media type term |
computer |
| Media type code |
c |
| Source |
rdamedia |
| 338 ## - CARRIER TYPE |
| Carrier type term |
online resource |
| Carrier type code |
cr |
| Source |
rdacarrier |
| 347 ## - DIGITAL FILE CHARACTERISTICS |
| File type |
text file |
| Encoding format |
PDF |
| Source |
rda |
| 490 0# - SERIES STATEMENT |
| Series statement |
Theologische Bibliothek Töpelmann , |
| International Standard Serial Number |
0563-4288 ; |
| Volume/sequential designation |
196 |
| 505 00 - FORMATTED CONTENTS NOTE |
| Title |
Frontmatter -- |
| -- |
Table of Contents -- |
| -- |
Editors' Introduction -- |
| -- |
I Barth as Scriptural Theologian -- |
| -- |
Reading Romans on the Brink: The Continuing Challenge of Barth's Römerbrief -- |
| -- |
"For I am Not Ashamed of the Gospel": Commentary as Interpretation in the Römerbrief -- |
| -- |
La Bible pour penser -- |
| -- |
Abraham als Glaubensparadigma nach Karl Barth's Römerbrief (Röm 4) -- |
| -- |
II Hermeneutics and Metaphysics -- |
| -- |
Barth sur l'être du monde devant Dieu. Ce que le Römerbrief permet de préciser dans la Dogmatik -- |
| -- |
Le manifeste herméneutique de Karl Barth -- |
| -- |
An Anti-Metaphysical Manifesto: Karl Barth's Romans Commentary in its Second Edition -- |
| -- |
III Historical Context -- |
| -- |
Vom «Schweizerwinkel» auf das «hohe, bewegte Meer». Karl Barth zwischen Safenwil und Göttingen -- |
| -- |
Karl Barth and the Quest for a New World -- |
| -- |
IV Römerbrief, First edition (1919) -- |
| -- |
God's Moving Presence in History. Karl Barth's Commentary on the Epistle to the Romans of 1919 and its Problem-Creating Solutions -- |
| -- |
"More than Leninism" - Karl Barth's Theological Socialism -- |
| -- |
V Faith and Resurrection -- |
| -- |
Das Wunder des Glaubens. Zu Röm 3,21-4,8 -- |
| -- |
Réflexions de philosophie pratique sur la «foi seule» -- |
| -- |
Faith as Imperceptible Reality: Barth's Understanding of Faith During the Römerbrief Period -- |
| -- |
L'exercice de la liberté, la vie du Crucifié Ressuscité. Rm 6,9 entre la première et la deuxième édition du Römerbrief -- |
| -- |
Faith, Love, and Extrinsic Grace in Barth's Römerbrief -- |
| -- |
Barth (1919-1922) and the Power of the Gospel (Romans 1:16-17) -- |
| -- |
VI Ethics and Politics -- |
| -- |
Karl Barth's Commentary on Romans 8:18-25: An Ecological Reading -- |
| -- |
Das Problem der Ethik in Karl Barths Römerbriefkommentar - im Vergleich mit Søren Kierkegaards Ethik der Liebe -- |
| -- |
Ethics and the Catastrophe of Grace - Faith's Obedience in the Ruins of Religion -- |
| -- |
Reading Karl Barth's Römerbrief 1919 for a Postcolonial Era of Theology -- |
| -- |
Marcionism in Barth's Theology? Clarifications and Developments -- |
| -- |
VII Religion, Liturgy and Theology -- |
| -- |
Que penser et que faire de la radicalité à l'oeuvre chez Barth ? -- |
| -- |
Existence Between God and the No-God -- |
| -- |
At the "Zero-Point" of Faith: The Clash of Old Man and New in the Römerbrief and Barth's Later Doctrine of Sanctification -- |
| -- |
Calvin's "Christian philosophy" in Barth's Römerbrief -- |
| -- |
Barth's Römerbrief and Liturgy's Formative Function: Critique and Prospect -- |
| -- |
Did Karl Barth Put an End to Theology? -- |
| -- |
Contributors -- |
| -- |
Copyright of Images -- |
| -- |
Index of Authors -- |
| -- |
Index of Subjects |
| 506 0# - RESTRICTIONS ON ACCESS NOTE |
| Standardized terminology for access restriction |
unrestricted online access |
| Source of term |
star |
| 520 ## - SUMMARY, ETC. |
| Summary, etc. |
Karl Barth's commentary on Paul's epistle to the Romans, in its two editions (1919 and 1922), is one of the most significant works published in Christian theology in the 20th century. This book, which landed "like a bombshell on the theologians' playground," still deserves close scrutiny one hundred years after its publication.In this volume, New Testament scholars, philosophers of religion and systematic theologians ponder the intricacies of Barth's "expressionistic" commentary, pointing out the ways in which Barth interprets Paul's epistle for his own day, how this actualized interpretation of the apostle's message challenged the theology of Barth's time, and how some of the insights he articulated in 1919 and in 1922 have shaped Christian theology up to our day. With his commentary, the young Swiss pastor paved the way for a renewed, intensely theological interpretation of the Scriptures.The volume thus centers of some of the key themes which run through Barth's commentary: faith as divine gift beyond any human experience or psychological data, the Easter event as the turning point of the world's history, God's judgment and mercy and God's one Word in Jesus Christ.This volume represents a major contribution to the interpretation of Karl Barth's early thought. |
| 530 ## - ADDITIONAL PHYSICAL FORM AVAILABLE NOTE |
| Additional physical form available note |
Issued also in print. |
| 538 ## - SYSTEM DETAILS NOTE |
| System details note |
Mode of access: Internet via World Wide Web. |
| 540 ## - TERMS GOVERNING USE AND REPRODUCTION NOTE |
| Terms governing use and reproduction |
This eBook is made available Open Access under a CC BY-NC-ND 4.0 license: |
| Uniform Resource Identifier |
<a href="https://creativecommons.org/licenses/by-nc-nd/4.0 ">https://creativecommons.org/licenses/by-nc-nd/4.0 </a> |
| -- |
<a href="https://www.degruyter.com/dg/page/open-access-policy">https://www.degruyter.com/dg/page/open-access-policy</a> |
| 546 ## - LANGUAGE NOTE |
| Language note |
In English. |
| 588 0# - SOURCE OF DESCRIPTION NOTE |
| Source of description note |
Description based on online resource; title from PDF title page (publisher's Web site, viewed 01. Dez 2022) |
| 650 #4 - SUBJECT ADDED ENTRY--TOPICAL TERM |
| Topical term or geographic name entry element |
Dialektische Theologie. |
| 650 #4 - SUBJECT ADDED ENTRY--TOPICAL TERM |
| Topical term or geographic name entry element |
Karl Barth. |
| 650 #4 - SUBJECT ADDED ENTRY--TOPICAL TERM |
| Topical term or geographic name entry element |
Römerbrief. |
| 650 #4 - SUBJECT ADDED ENTRY--TOPICAL TERM |
| Topical term or geographic name entry element |
theologische Hermeneutik. |
| 653 ## - INDEX TERM--UNCONTROLLED |
| Uncontrolled term |
Epistle to the Romans. |
| 653 ## - INDEX TERM--UNCONTROLLED |
| Uncontrolled term |
Karl Barth. |
| 653 ## - INDEX TERM--UNCONTROLLED |
| Uncontrolled term |
dialectical theology. |
| 653 ## - INDEX TERM--UNCONTROLLED |
| Uncontrolled term |
theological and philosophical hermeneutics. |
| 700 1# - ADDED ENTRY--PERSONAL NAME |
| Personal name |
Askani, Hans-Christoph, |
| Relator term |
contributor. |
| Relator code |
ctb |
| -- |
https://id.loc.gov/vocabulary/relators/ctb |
| 700 1# - ADDED ENTRY--PERSONAL NAME |
| Personal name |
Barclay, John M.G., |
| Relator term |
contributor. |
| Relator code |
ctb |
| -- |
https://id.loc.gov/vocabulary/relators/ctb |
| 700 1# - ADDED ENTRY--PERSONAL NAME |
| Personal name |
Bourgine, Benoît, |
| Relator term |
contributor. |
| Relator code |
ctb |
| -- |
https://id.loc.gov/vocabulary/relators/ctb |
| 700 1# - ADDED ENTRY--PERSONAL NAME |
| Personal name |
Chalamet, Christophe, |
| Relator term |
contributor. |
| Relator code |
ctb |
| -- |
https://id.loc.gov/vocabulary/relators/ctb |
| 700 1# - ADDED ENTRY--PERSONAL NAME |
| Personal name |
Chalamet, Christophe, |
| Relator term |
editor. |
| Relator code |
edt |
| -- |
http://id.loc.gov/vocabulary/relators/edt |
| 700 1# - ADDED ENTRY--PERSONAL NAME |
| Personal name |
Dermange, François, |
| Relator term |
contributor. |
| Relator code |
ctb |
| -- |
https://id.loc.gov/vocabulary/relators/ctb |
| 700 1# - ADDED ENTRY--PERSONAL NAME |
| Personal name |
Dettwiler, Andreas, |
| Relator term |
contributor. |
| Relator code |
ctb |
| -- |
https://id.loc.gov/vocabulary/relators/ctb |
| 700 1# - ADDED ENTRY--PERSONAL NAME |
| Personal name |
Dettwiler, Andreas, |
| Relator term |
editor. |
| Relator code |
edt |
| -- |
http://id.loc.gov/vocabulary/relators/edt |
| 700 1# - ADDED ENTRY--PERSONAL NAME |
| Personal name |
Elliott, Mark W., |
| Relator term |
contributor. |
| Relator code |
ctb |
| -- |
https://id.loc.gov/vocabulary/relators/ctb |
| 700 1# - ADDED ENTRY--PERSONAL NAME |
| Personal name |
Feneuil, Anthony, |
| Relator term |
contributor. |
| Relator code |
ctb |
| -- |
https://id.loc.gov/vocabulary/relators/ctb |
| 700 1# - ADDED ENTRY--PERSONAL NAME |
| Personal name |
Gaventa, Beverly Roberts, |
| Relator term |
contributor. |
| Relator code |
ctb |
| -- |
https://id.loc.gov/vocabulary/relators/ctb |
| 700 1# - ADDED ENTRY--PERSONAL NAME |
| Personal name |
Gisel, Pierre, |
| Relator term |
contributor. |
| Relator code |
ctb |
| -- |
https://id.loc.gov/vocabulary/relators/ctb |
| 700 1# - ADDED ENTRY--PERSONAL NAME |
| Personal name |
Gockel, Matthias, |
| Relator term |
contributor. |
| Relator code |
ctb |
| -- |
https://id.loc.gov/vocabulary/relators/ctb |
| 700 1# - ADDED ENTRY--PERSONAL NAME |
| Personal name |
Grondin, Jean, |
| Relator term |
contributor. |
| Relator code |
ctb |
| -- |
https://id.loc.gov/vocabulary/relators/ctb |
| 700 1# - ADDED ENTRY--PERSONAL NAME |
| Personal name |
Jaillet, Elio, |
| Relator term |
contributor. |
| Relator code |
ctb |
| -- |
https://id.loc.gov/vocabulary/relators/ctb |
| 700 1# - ADDED ENTRY--PERSONAL NAME |
| Personal name |
Kaltwasser, Cambria Janae, |
| Relator term |
contributor. |
| Relator code |
ctb |
| -- |
https://id.loc.gov/vocabulary/relators/ctb |
| 700 1# - ADDED ENTRY--PERSONAL NAME |
| Personal name |
Kelly, Declan, |
| Relator term |
contributor. |
| Relator code |
ctb |
| -- |
https://id.loc.gov/vocabulary/relators/ctb |
| 700 1# - ADDED ENTRY--PERSONAL NAME |
| Personal name |
Manent, Pierre, |
| Relator term |
contributor. |
| Relator code |
ctb |
| -- |
https://id.loc.gov/vocabulary/relators/ctb |
| 700 1# - ADDED ENTRY--PERSONAL NAME |
| Personal name |
Marga, Amy, |
| Relator term |
contributor. |
| Relator code |
ctb |
| -- |
https://id.loc.gov/vocabulary/relators/ctb |
| 700 1# - ADDED ENTRY--PERSONAL NAME |
| Personal name |
Marion, Jean-Luc, |
| Relator term |
contributor. |
| Relator code |
ctb |
| -- |
https://id.loc.gov/vocabulary/relators/ctb |
| 700 1# - ADDED ENTRY--PERSONAL NAME |
| Personal name |
McCormack, Bruce, |
| Relator term |
contributor. |
| Relator code |
ctb |
| -- |
https://id.loc.gov/vocabulary/relators/ctb |
| 700 1# - ADDED ENTRY--PERSONAL NAME |
| Personal name |
Peterson, Andrew J., |
| Relator term |
contributor. |
| Relator code |
ctb |
| -- |
https://id.loc.gov/vocabulary/relators/ctb |
| 700 1# - ADDED ENTRY--PERSONAL NAME |
| Personal name |
Stewart-Kroeker, Sarah, |
| Relator term |
contributor. |
| Relator code |
ctb |
| -- |
https://id.loc.gov/vocabulary/relators/ctb |
| 700 1# - ADDED ENTRY--PERSONAL NAME |
| Personal name |
Stewart-Kroeker, Sarah, |
| Relator term |
editor. |
| Relator code |
edt |
| -- |
http://id.loc.gov/vocabulary/relators/edt |
| 700 1# - ADDED ENTRY--PERSONAL NAME |
| Personal name |
Thomas, Günter, |
| Relator term |
contributor. |
| Relator code |
ctb |
| -- |
https://id.loc.gov/vocabulary/relators/ctb |
| 700 1# - ADDED ENTRY--PERSONAL NAME |
| Personal name |
Watson, Brandon K., |
| Relator term |
contributor. |
| Relator code |
ctb |
| -- |
https://id.loc.gov/vocabulary/relators/ctb |
| 700 1# - ADDED ENTRY--PERSONAL NAME |
| Personal name |
Welz, Claudia, |
| Relator term |
contributor. |
| Relator code |
ctb |
| -- |
https://id.loc.gov/vocabulary/relators/ctb |
| 700 1# - ADDED ENTRY--PERSONAL NAME |
| Personal name |
Wüthrich, Matthias D., |
| Relator term |
contributor. |
| Relator code |
ctb |
| -- |
https://id.loc.gov/vocabulary/relators/ctb |
| 700 1# - ADDED ENTRY--PERSONAL NAME |
| Personal name |
Zerra, Luke, |
| Relator term |
contributor. |
| Relator code |
ctb |
| -- |
https://id.loc.gov/vocabulary/relators/ctb |
| 700 1# - ADDED ENTRY--PERSONAL NAME |
| Personal name |
Ziegler, Philip G., |
| Relator term |
contributor. |
| Relator code |
ctb |
| -- |
https://id.loc.gov/vocabulary/relators/ctb |
| 700 1# - ADDED ENTRY--PERSONAL NAME |
| Personal name |
Zocher, Peter, |
| Relator term |
contributor. |
| Relator code |
ctb |
| -- |
https://id.loc.gov/vocabulary/relators/ctb |
| 776 0# - ADDITIONAL PHYSICAL FORM ENTRY |
| Qualifying information |
EPUB |
| International Standard Book Number |
9783110752915 |
| 776 0# - ADDITIONAL PHYSICAL FORM ENTRY |
| Qualifying information |
print |
| International Standard Book Number |
9783110750522 |
| 856 40 - ELECTRONIC LOCATION AND ACCESS |
| Uniform Resource Identifier |
<a href="https://doi.org/10.1515/9783110752908">https://doi.org/10.1515/9783110752908</a> |
| Public note |
Open Access |
| -- |
0 |
| 856 40 - ELECTRONIC LOCATION AND ACCESS |
| Uniform Resource Identifier |
<a href="https://www.degruyter.com/isbn/9783110752908">https://www.degruyter.com/isbn/9783110752908</a> |
| Public note |
Open Access |
| -- |
0 |
| 856 42 - ELECTRONIC LOCATION AND ACCESS |
| Materials specified |
Cover |
| Uniform Resource Identifier |
<a href="https://www.degruyter.com/document/cover/isbn/9783110752908/original">https://www.degruyter.com/document/cover/isbn/9783110752908/original</a> |
| 942 ## - ADDED ENTRY ELEMENTS (KOHA) |
| Koha item type |
E-Book |